1104 1677 1938 1741 1563 1188 1056 1060 1915 1235 1376 1502 1116 1839 1742 1739 1663 1256 1926 1779 1486 1538 1134 1828 1047 1241 1585 1163 1803 1767 1329 1391 1922 1594 1644 1335 1341 1671 1472 1525 1560 1943 1508 1846 1108 1857 1117 1430 1894 1886 1397 1667 1093 1213 1836 1084 1504 1541 1133 1324 2000 1679 1427 1155 1132 1860 1261 1267 1864 1921 1217 1096 1032 1734 1024 1406 1238 1141 1193 1987 1338 1856 1372 1956 1602 1936 1882 1541 1670 1079 1333 1720 1571 1236 1158 1091 1068 1096 1069 BCNSPRNW ULIB Ver.6.0+V

เปลี่ยนเป็นภาษาไทย

Change to English
 แสดงรายละเอียดบรรณานุกรม
  กลับหน้าหลัก

Brief Record : Get Marc (ISO 2709) : E-mail record : QR code < ปิดหน้าต่าง
LEADER : 00000nam 2200000uu 4500
001    13399120871
003     ULIB
008    121022s2555||||th 000 0 tha d
099    ^aวจ.WY18.5^bช617ป
100 0  ^aชุติมา บูรณธนิต
245 00 ^aปัจจัยที่สัมพันธ์กับผลการสอบความรู้ผู้ขอขึ้นทะเบียนเพื่อรับใบอนุญาตเป็นผู้ประกอบวิชาชีพการพยาบาลและการผดุงครรภ์ ชั้นหนึ่ง ของผู้สำเร็จการศึกษาจากวิทยาลัยพยาบาลบรมราชชนนี สวรรค์ประชารักษ์ นครสวรรค์/^cชุติมา บูรณธนิต ,สุภาเพ็ญ ปาณะวัฒนพิสุทธิ์ และสิริกานต์ แรงกสิกร
260    ^aนครสวรรค์ :^bวิทยาลัยพยาบาลบรมราชชนนี สวรรค์ประชารักษ์ นครสวรรค์,^c2555
300    ^a58 หน้า
650  7 ^a การสอบ^xวิจัย
650  7 ^aวิทยาลัยพยาบาลบรมราชชนนี สวรรค์ประชารักษ์ นครสวรรค์
650  7 ^aวิชาชีพพยาบาล^xการสอบ^xวิจัย
700 0  สุภาเพ็ญ ปาณะวัฒนพิสุทธิ์
700 0  สิริกานต์ แรงกสิกร
945    ^p0^l0^i032854
945    ^p0^l0^i032855
995    ^aเกษร
999 ^a ใช้งานได้ทุกระบบ
รายการนี้ยังไม่มีแท็ก
คุณยังไม่ได้ล็อกอิน คุณสามารถมีกิจกรรมร่วมกับเว็บไซต์ได้ แต่ต้องล็อกอินก่อน ::
  ล็อกอิน

รายการสื่อสารสนเทศ

ลำดับที่ ประเภท เลขเรียก/บาร์โค้ด สถานที่ สถานะ
1. งานวิจัย
งานวิจัย
วจ.WY18.5 ช617ป  
  Barcode: 032854
ห้องสมุดวิทยาเขตสวรรค์ประชารักษ์
►วิจัย
บนชั้น
2. งานวิจัย
งานวิจัย
วจ.WY18.5 ช617ป ฉ.2 
  Barcode: 032855
ห้องสมุดวิทยาเขตสวรรค์ประชารักษ์
►วิจัย
บนชั้น

รายการใกล้เคียง
    ผู้แต่ง [ชุติมา บูรณธนิต]

    หัวเรื่อง [วิทยาลัยพยาบาลบรมราชชนนี สวรรค์ประชารักษ์ นครสวรรค์]

BibComment


ยังไม่เคยถูกคอมเมนท์

คอมเมนท์ทรัพยากรรายการนี้
  คอมเมนท์: ปัจจัยที่สัมพันธ..


 Copyright 2026. Bcnsprnw @Library